Smart Checkpoint Police System (Record no. 1938)
[ view plain ]
| 000 -LEADER | |
|---|---|
| fixed length control field | 00576nam a22001817a 4500 |
| 005 - DATE AND TIME OF LATEST TRANSACTION | |
| control field | 20250625121030.0 |
| 008 - FIXED-LENGTH DATA ELEMENTS--GENERAL INFORMATION | |
| fixed length control field | 250625b |||||||| |||| 00| 0 eng d |
| 040 ## - CATALOGING SOURCE | |
| Original cataloging agency | KMU |
| Transcribing agency | KMU |
| Modifying agency | KMU |
| 050 ## - LIBRARY OF CONGRESS CALL NUMBER | |
| Classification number | ICT Department-Student project report |
| 100 ## - MAIN ENTRY--PERSONAL NAME | |
| Personal name | Kasonde Jeremiah |
| 245 ## - TITLE STATEMENT | |
| Title | Smart Checkpoint Police System |
| Remainder of title | / |
| Statement of responsibility, etc. | Jeremiah Kasonde and Danny Namakando Lukela |
| 260 ## - PUBLICATION, DISTRIBUTION, ETC. | |
| Place of publication, distribution, etc. | Kapasa Makasa University: |
| Name of publisher, distributor, etc. | Kapasa Makasa University, |
| Date of publication, distribution, etc. | 2023. |
| 300 ## - PHYSICAL DESCRIPTION | |
| Extent | 59 p.: |
| Other physical details | ill,; |
| 650 ## - SUBJECT ADDED ENTRY--TOPICAL TERM | |
| Topical term or geographic name entry element | Smartcheckpoint |
| 650 ## - SUBJECT ADDED ENTRY--TOPICAL TERM | |
| Topical term or geographic name entry element | Policy System |
| 700 ## - ADDED ENTRY--PERSONAL NAME | |
| Personal name | Namakando Lukela Danny |
| 942 ## - ADDED ENTRY ELEMENTS (KOHA) | |
| Koha item type | Student Project Report |
| Suppress in OPAC | No |
| Withdrawn status | Lost status | Damaged status | Use restrictions | Not for loan | Collection | Home library | Current library | Shelving location | Date acquired | Total Checkouts | Full call number | Date last seen | Price effective from | Koha item type |
|---|---|---|---|---|---|---|---|---|---|---|---|---|---|---|
| Restricted Access | Not For Loan | Reference | Kapasa Makasa University | Kapasa Makasa University | Special Collection | 25.06.2025 | 19155046/19143121 | 25.06.2025 | 25.06.2025 | Student Project Report | ||||
| Restricted Access | Not For Loan | Reference | Kapasa Makasa University | Kapasa Makasa University | Special Collection | 25.06.2025 | 19155046/19143121 | 25.06.2025 | 25.06.2025 | Student Project Report |